000 00382 a2200169 4500
001 71426
020 _a8508097603
040 _cAnchieta - Colégio São Paulo
100 _aScliar, Moacyr
240 1 0 _aOs cavalos da República
_lpor
245 1 0 _aOs cavalos da República
300 _a78
362 0 _a2005
440 1 _aÁtica
650 4 _aLiteratura juvenil
942 _cBK
999 _c71426
_d71426